| 000 | 00602nam a2200193Ia 4500 | ||
|---|---|---|---|
| 003 | LDD | ||
| 008 | 181029s9999 xx 000 0 und d | ||
| 020 |
_a521862787 _cUS _85.00 |
||
| 040 | _cLDD | ||
| 100 | _aRainey, David L. | ||
| 245 | 0 |
_aSustainable business development _bInventing the future through strategy, innovat _cDavid L. Rainey |
|
| 260 |
_aNew York _bCambridge University _c2006 |
||
| 300 | _axxv, 735p | ||
| 365 |
_bUS _85.00 |
||
| 901 |
_a3806 _b05-02-2007 |
||
| 902 |
_a8799 _b23-02-2007 _cF _dOP _e65 |
||
| 903 |
_aDiscount-10 _bReqst by : N.V.Narasimhan |
||
| 942 |
_2ddc _cBK |
||
| 999 |
_c78159 _d78159 |
||